000 00726nam a2200253 i 4500
001 C2-0287413
003 PPAK
005 20180728020728.0
008 080211s2007 nyua|||| ||||| | eng d
020 _a9781419593925
040 _aPPAK
_beng
_cPPAK
_erda
082 0 4 _a658.4092
_223
090 0 0 _a658.4092
_bKUC
_dRLCK
100 1 _aKuczmarski, Susan Smith,
_eauthor
245 1 0 _aApples are square :
_bthinking differently about leadership
264 1 _aNew York :
_bKaplan Publishing ,
_c2007
300 _axx, 235 pages :
_billustrations ;
_c23 cm
336 _2rdacontent
_atext
337 _2rdamedia
_aunmediated
338 _2rdacarrier
_avolume
650 1 0 _aLeadership
700 _eauthor
942 _ddc
_cB
999 _c93113
_d93113